Teoría de Castilla la Nueva : La dualidad castellana en la lengua la literatura y la historia

Guardado en:
Bibliografiske detaljer
Hovedforfatter: Criado de Val, Manuel
Format: Bog
Sprog:Undetermined
Udgivet: Madrid, España Gredos 1969
Udgivelse:2 edición ampliada
Fag:
Tags: Tilføj Tag
Ingen Tags, Vær først til at tagge denne postø!

MARC

LEADER 00000nam a2200000Ia 4500
008 170316s9999 xx 000 0 und d
040 |a cru BVZT 
090 |a 862 C-53t 
100 |a Criado de Val, Manuel 
245 |a Teoría de Castilla la Nueva : La dualidad castellana en la lengua la literatura y la historia 
250 |a 2 edición ampliada 
260 |a Madrid, España 
260 |b Gredos 
260 |c 1969 
300 |a 400 páginas 
650 |a LITERATURA ESPAÑOLA 
999 |c 9771  |d 9771 
942 |c 15 D  |h 862 C-53t  |2 z